00313nam a2200121Ia 45000030006000000080041000060400015000471000028000622450041000902600031001315460012001620050017001740STCL150530s9999 xx 000 0 und d aSTCLcSTCL aShelley; Rogers; Editor aPercy Bysshe Shelley selected poetry bOxford University pressc0 aEnglish20220125170926.0